Hermann Keyserlings Tagebücher
| Titel: | Hermann Keyserlings Tagebücher |
|---|---|
| Verfasser: | |
| In: |
Baltisches Welterlebnis, (2007), Seite 415-424 alle Artikel anzeigen |
| Veröffentlicht: | 2007 |
| Format: | Aufsatz |
| Sprache: | Deutsch |
X
alg: 39222470 001A $01999:11-11-16 001B $01999:16-05-21 $t20:25:26.000 001D $01999:11-11-16 001U $0utf8 001X $00 002@ $0Aox 003@ $0392224704 007A $0392224704 $aHEB 007T $0Herdc0043198m 010@ $ager 011@ $a2007 021A $aHermann Keyserlings Tagebücher 028A $aTarvas $dMari 031A $h415-424 $j2007 039B $aIn $8--Aau--. Baltisches Welterlebnis. - Heidelberg : Winter, 2007. - 586 S.. - Ill.. - ISBN 978-3-8253-5376-6 $x200700000000000585 $9190652160 045F $a929.094798 $eDDC23BSB 045F/01 $a929 045F/03 $g4798 lok: 39222470 78 exp: 39222470 78 1 #EPN 201B/01 $001-03-19 $t22:51:54.000 201U/01 $0utf8 203@/01 $0788320963 208@/01 $a11-11-16 $be 209A/01 $a/ $f000 $x00 220C/01 $aTitelaufnehmer: kk;sk 220C/01 $aHerkunft: HI Marburg 244Z/01 $2Trx $#Estija $#Igaunija $#Estland $#Estonia $#Estonia $#Estónsko $#Estonsko $8--Trx--Eesti $x01 $9391237225 244Z/01 $#Keyserling, Hermann $#Keyserling, Hermann Graf $#Keyserling, Hermann von $#Keyserling, Hermann de $#Keyserling, Hermann Alexander $#Keyserling, Herman de $#Kejzerling, G. fon $#Keyserlingk, Hermann von $#Kajzerling, German $#Kajzerling, Herman $#Keyserling, Hermann Alex. $#Keyserling, Hermann Alexander von $#Keyserling, Hermann Alexander Graf von $7118722158 $8--Tp1--Keyserling, Hermann$Z1880-1946 $x02 $9087062941 244Z/01 $2Trx $#reisikirjeldused $#kelionių aprašymai $#travel descriptions $#útleírások $#opisy podróży $#cestopisy $#cestopisy $8--Trx--Reisebeschreibungen $x03 $939138290X 244Z/01 $2Trx $#kirjanikud $#rašytojai $#writers $#írók $#pisarze $#spisovatelia $#spisovatelé $8--Trx--Schriftsteller $x04 $9391382659 244Z/01 $2Trx $#päevaraamatud $#dienoraščiai $#Diaries $#naplók $#dzienniki diariusze $#denníky $#deníky $#journals $#pamiętniki $8--Trx--Tagebücher $x05 $939136670X 244Z/01 $2Trx $#maailmasõda, esimene 1914-1918 $#karas, Pirmasis pasaulinis 1914-1918 $#World War, First 1914-1918 $#világháború, első 1914-1918 $#wojna światowa, pierwsza 1914-1918 $#vojna svetová I. 1914-1918 $#válka první světová 1914-1918 $#Erster Weltkrieg $8--Trx--Weltkrieg, Erster$g1914-1918 $x06 $9391383272 244Z/01 $2Trx $8--Trx--Einzelbeiträge $x07 $9391384570 245Z/01 $a12.03 $x01 247C/01 $82080>Marburg/Lahn, Herder-Institut, Forschungsbibliothek, Bibliographieportal $9336309341
| LEADER | 00000caa a22000002c 4500 | ||
|---|---|---|---|
| 001 | 392224704 | ||
| 003 | DE-603 | ||
| 005 | 20210516202526.0 | ||
| 007 | tu | ||
| 008 | 161111s2007 xx |||| | u00||u|ger c | ||
| 035 | |a (DE-599)HEB392224704 | ||
| 040 | |a DE-603 |b ger |c DE-603 |d DE-603 | ||
| 041 | |a ger | ||
| 082 | 0 | 4 | |8 1\u |a 929.094798 |q DE-101 |2 23/BSB |
| 085 | |8 1\u |b 929 | ||
| 085 | |8 1\u |z 2 |s 4798 | ||
| 100 | 1 | |a Tarvas, Mari | |
| 245 | 0 | 0 | |a Hermann Keyserlings Tagebücher |
| 264 | 0 | |c 2007 | |
| 773 | 0 | 8 | |i In |t Baltisches Welterlebnis |d Heidelberg : Winter, 2007 |h 586 S., Ill. |z 9783825353766 |z 3825353761 |g (2007), Seite 415-424 |w (DE-603)190652160 |
| 924 | 0 | |9 2080 |a (DE-603)788320963 |b DE-2080 |c HES |d d |g / | |


